000 00670nam a22002177a 4500
003 OSt
005 20251117170248.0
008 251117b |||||||| |||| 00| 0 eng d
020 _a 0-7513-0992-3.
040 _aDWCL-Main lib.
_cOC
082 _aCirc. 005.54 D587c 2000
100 _aDinwiddie, Robert
245 _aCreating worksheets/
_cRobert Dinwiddie
260 _aLondon :
_bDorling Kindersley,
_c c2000.
300 _a72 p. :
_bcol. ill.
_c; 18 cm.
504 _aIncludes index.
650 _a1. Business-Computer programs.
650 _a2. Microsoft excel (Computer file).
650 _a3. Spreadsheet software.
942 _2ddc
_cBK-CIRC
_hCirc.
_n0
999 _c5740
_d5740